| 000 | 00000nam 2200000zi 4500 |
| 001 | 9.916319 |
| 003 | CaOODSP |
| 005 | 20221107183418 |
| 006 | m o d f |
| 007 | cr bn||||||||| |
| 008 | 221018e199904##oncd o f100 0 fre d |
| 020 | |z066283772x|q(imprimé) |
| 040 | |aCaOODSP|bfre|erda|cCaOODSP |
| 043 | |an-cn--- |
| 086 | 1 |aC2-439/1999F-PDF|zC2-439/1999F |
| 111 | 2 |aSymposium national sur les compétences en aérospatiale |d(1999 : |cOttawa, Ont.) |
| 245 | 10|aSymposium national sur les compétences en aérospatiale : |brapport final. |
| 264 | 1|aOttawa (Ontario) : |bDirection générale de l'aérospatiale et de la défense, Industrie Canada, |cavril 1999. |
| 264 | 4|c©1999 |
| 300 | |a1 ressource en ligne (iv, 42 pages) : |bgraphiques |
| 336 | |atexte|btxt|2rdacontent/fre |
| 337 | |ainformatique|bc|2rdamedia/fre |
| 338 | |aressource en ligne|bcr|2rdacarrier/fre |
| 500 | |aPublié aussi en anglais sous le titre : National Aerospace Skills Symposium : final report. |
| 500 | |aÉdition numérisée de l'imprimé [par Innovation, sciences et développement économique Canada]. |
| 650 | 6|aIndustries aérospatiales|xPersonnel|xFormation|zCanada|vCongrès. |
| 650 | 6|aIndustries aérospatiales|xÉtude et enseignement|zCanada|vCongrès. |
| 655 | 7|aActes de congrès|2rvmgf |
| 710 | 1 |aCanada. |bIndustrie Canada, |eorganisme de publication. |
| 710 | 1 |aCanada. |bDirection générale de l'aérospatiale et de la défense, |eorganisme de publication. |
| 775 | 08|tNational Aerospace Skills Symposium : |w(CaOODSP)9.916318 |
| 856 | 40|qPDF|s1.09 Mo|uhttps://publications.gc.ca/collections/collection_2022/isde-ised/c2/C2-439-1999-fra.pdf |